| 000 | 00747nam a22001937a 4500 | ||
|---|---|---|---|
| 005 | 20210325173242.0 | ||
| 008 | s2533 th tha d | ||
| 041 | _atha | ||
| 050 | _aHE6185 พ697ต | ||
| 100 | 0 | _aพิพัฒน์ ชูวรเวช | |
| 245 | 1 | 0 | _aตราไปรษณียากรพระบรมฉายาลักษณ์รัชกาลที่ 9 (แสตมป์พระรูป ร.9) |
| 260 | 3 |
_aกรุงเทพฯ : _bต้นอ้อ, _c2533 |
|
| 300 |
_a146 หน้า : _b ภาพประกอบ |
||
| 650 | 0 | 4 | _aไปรษณียากร -- ไทย -- ภาพ |
| 850 | _aNALT | ||
| 942 | _cGB | ||
| 997 | _c000000000000897 | ||
| 998 | _aNarumon Suwan | ||
| 999 |
_c897 _d897 |
||